Introduction to hospital & health-system pharmacy practice / (Record no. 23246)
[ view plain ]
| 000 -LEADER | |
|---|---|
| fixed length control field | 02477cam a22002775a 4500 |
| 005 - DATE AND TIME OF LATEST TRANSACTION | |
| control field | 20161122103845.0 |
| 008 - FIXED-LENGTH DATA ELEMENTS--GENERAL INFORMATION | |
| fixed length control field | 100623t2010 mdua frb 001 0 eng d |
| 020 ## - INTERNATIONAL STANDARD BOOK NUMBER | |
| International Standard Book Number | 9781585282371 |
| 040 ## - CATALOGING SOURCE | |
| Original cataloging agency | DNLM/DLC |
| Transcribing agency | DLC |
| Modifying agency | YDX |
| -- | NLM |
| -- | BTCTA |
| -- | YDXCP |
| -- | DLC |
| -- | EG-ScBUE |
| Language of cataloging | eng |
| 043 ## - GEOGRAPHIC AREA CODE | |
| Geographic area code | n-us--- |
| 082 04 - DEWEY DECIMAL CLASSIFICATION NUMBER | |
| Classification number | 362.1782 |
| Edition number | 22 |
| Item number | INT |
| 245 00 - TITLE STATEMENT | |
| Title | Introduction to hospital & health-system pharmacy practice / |
| Statement of responsibility, etc | [edited by] David A. Holdford, Thomas R. Brown. |
| 246 3# - VARYING FORM OF TITLE | |
| Title proper/short title | Introduction to hospital and health-system pharmacy practice |
| 260 ## - PUBLICATION, DISTRIBUTION, ETC. (IMPRINT) | |
| Place of publication, distribution, etc | Bethesda : |
| Name of publisher, distributor, etc | American Society of Health-System Pharmacists, |
| Date of publication, distribution, etc | c.2010. |
| 300 ## - PHYSICAL DESCRIPTION | |
| Extent | xii, 404 p. : |
| Other physical details | ill. ; |
| Dimensions | 26 cm. |
| 500 ## - GENERAL NOTE | |
| General note | Index : p. 399-404. |
| 504 ## - BIBLIOGRAPHY, ETC. NOTE | |
| Bibliography, etc | Includes bibliographical references. |
| 505 0# - FORMATTED CONTENTS NOTE | |
| Formatted contents note | What is institutional pharmacy practice? / Kasey K. Thompson and Douglas J. Scheckelhoff -- Overview of the history of hospital pharmacy in the United States / William A. Zellmer -- Key legal and regulatory issues in health-system pharmacy practice / John P. Uselton ... [et al.] -- Medication management / Kathy A. Chase -- Clinical pharmacy / John E. Murphy -- Medication safety / David A. Holdford -- Medication distribution systems / Stephen F. Eckel and Fred M. Eckel -- Controlled substances management / George J. Dydek and David J. Tomich -- Electronic data management : electronic health record systems and computerized provider order entry systems / David A. Holdford, Stephen K. Huffines, and S. Trent Rosenbloom -- Informatics / James G. Stevenson, Scott R. McCreadie, and Bruce W. Chaffee -- Automation in practice / Brad Ludwig and Jack Temple -- Purchasing and inventory control / Jerrod Milton -- The basics of financial management and cost control / Andrew L. Wilson -- Sterile preparations and admixture programs / Philip J. Schneider and E. Clyde Buchanan -- Parenteral therapy / E. Clyde Buchanan -- Leadership and management / David A. Holdford -- Recruiting, selecting, and managing pharmacy personnel / David A. Holdford -- Training for careers in hospitals and health systems / Thomas P. Reinders and David A. Holdford -- Residency training / Jill S. Burkiewicz and Carrie A. Sincak. |
| 650 #7 - SUBJECT ADDED ENTRY--TOPICAL TERM | |
| Topical term or geographic name as entry element | Hospital pharmacies |
| Geographic subdivision | United States. |
| Source of heading or term | BUEsh |
| 650 12 - SUBJECT ADDED ENTRY--TOPICAL TERM | |
| Topical term or geographic name as entry element | Pharmacy Service, Hospital |
| Geographic subdivision | United States. |
| Source of heading or term | BUEsh |
| 653 ## - INDEX TERM--UNCONTROLLED | |
| Resource For college | Pharmacy |
| Arrived date list | November2016 |
| 700 1# - ADDED ENTRY--PERSONAL NAME | |
| Personal name | Holdford, David A., |
| Relator term | editor. |
| 700 1# - ADDED ENTRY--PERSONAL NAME | |
| Personal name | Brown, Thomas R., |
| Relator term | editor. |
| 710 2# - ADDED ENTRY--CORPORATE NAME | |
| Corporate name or jurisdiction name as entry element | American Society of Health-System Pharmacists. |
| 942 ## - ADDED ENTRY ELEMENTS (KOHA) | |
| Source of classification or shelving scheme | Dewey Decimal Classification |
| Withdrawn status | Item status | Source of classification or shelving scheme | Damaged status | Not for loan | Vendor | Home library | Current library | Shelving location | Date acquired | Source of acquisition | Cost, normal purchase price | Serial Enumeration / chronology | Total Checkouts | Full call number | Barcode | Date last seen | Cost, replacement price | Koha item type |
|---|---|---|---|---|---|---|---|---|---|---|---|---|---|---|---|---|---|---|
| Dewey Decimal Classification | Baccah | Central Library | Central Library | First floor | 22/11/2016 | Purchase | 461.00 | 23587 | 362.1782 INT | 000034945 | 15/07/2025 | 576.00 | Book - Borrowing |